000 00978nam0a22002891 4500
001 rc\2282589
005 20250623033730.0
035 _a(NLR Aleph) 006548998
090 _a6719042
_c6719042
100 _a20110829d1977 |||y0rusy50 ca
101 0 _arus
102 _aRU
105 _ay z |||a|
200 1 _aСтремя
_eСтихи и поэма
_fАлександр Максаев
210 _aВолгоград
_cНиж.-Волж. кн. изд-во
_d1977
215 _a80 с.
_d16
327 1 _aСодерж.: Стихи; Старый окоп: Поэма
464 0 _12001#$aСтихи$aСтарый окоп$eПоэма
_tСтарый окоп
686 _aШ5(2=Р)75-65я44
_2rubbk
700 1 _aМаксаев
_bА.В.
_f1930-
_gАлександр Васильевич
801 0 _aRU
_bNLR
_gpsbo
801 1 _aRU
_bELAR
_2rusmarc
852 _aNLR
_j77-2/2733
899 _aRuMoRGB
_jБ 77-43/130
899 _aRuMoRGB
_jБ 77-43/131
942 _cBOOK
980 _aNB